000 00399nam a2200157Ia 4500
008 230917s9999||||xx |||||||||||||| ||und||
040 _e126876
_aMAIN
041 _aEnglish
082 _a005.1 P926S
100 _aPressman, Roger S
245 0 _aSoftware engineering: A practitioner's approach
250 _a4th ed.
260 _aNew York
_bMcGraw-Hill
_c1997
300 _a852 p.
942 _cBK
999 _c102717
_d102717